| 000 | 00398nam a2200157Ia 4500 | ||
|---|---|---|---|
| 100 | _aMoona/Rajat | ||
| 650 | _aAssembly Languages | ||
| 942 | _cBK | ||
| 366 | _f20 | ||
| 654 | _aassembly | ||
| 245 | _aAssembly languages programming in GNU/Linux for IA32 Architecture | ||
| 260 |
_bPrentice Hall of India _aNew Delhi _c2007 |
||
| 082 |
_a005.136/MOO _bMOO |
||
| 300 | _a456 | ||
| 546 | _aENGLISH | ||
| 999 |
_c24114 _d24114 |
||